[Event "Detroit (MCO/4/19)"]
[Site "?"]
[Date "1990.??.??"]
[Round "?"]
[White "Golden, Robert"]
[Black "Steen, Harold"]
[Result "0-1"]
[WhiteElo "1605"]
[BlackElo "1820"]
[PlyCount "80"]
[EventDate "1990.??.??"]

{4/(19)} 1. e4 d6 2. d4 Nf6 3. Nc3 g6 4. g3 Bg7 5. Bg2 O-O 6. Nge2 e5 7. d5 c6
8. Bg5 cxd5 9. exd5 Bg4 10. O-O a6 11. Qd3 Nbd7 12. Qc4 Rc8 13. Qb4 Bxe2 14.
Nxe2 Nc5 15. Qd2 Qc7 16. Nc3 Rfe8 17. Qe2 Nfd7 18. b4 e4 19. bxc5 Bxc3 20. cxd6
Qxd6 21. Rab1 Qxd5 22. Rbd1 Qc6 23. Bh3 f5 24. g4 Ne5 25. Kg2 fxg4 26. Bxg4
Nxg4 27. Qxg4 e3+ 28. Kh3 e2 29. Qh4 Qf3+ 30. Qg3 exd1=Q 31. Rxd1 Qxd1 32. Bh6
Qf1+ 33. Kh4 Bf6+ 34. Kg4 Rc4+ 35. f4 Qe2+ 36. Kh3 Qh5+ 37. Kg2 Rxc2+ 38. Kh1
Rc1+ 39. Kg2 Re2+ 40. Qf2 Qg4# 0-1

[Event "Detroit (MCO/2/20)"]
[Site "?"]
[Date "1990.??.??"]
[Round "?"]
[White "Golden, Robert"]
[Black "Dobbs, Edward"]
[Result "0-1"]
[WhiteElo "1605"]
[BlackElo "1755"]
[PlyCount "84"]
[EventDate "1990.??.??"]

{2/(20)} 1. e4 c5 2. c3 d5 3. exd5 Qxd5 4. Nf3 Bg4 5. Be2 Nc6 6. b3 Ne5 7. c4
Qe6 8. O-O h5 9. Bb2 Nxf3+ 10. Bxf3 O-O-O 11. h3 Qh6 12. Nc3 Rxd2 13. Qc1 Bxf3
14. gxf3 Qg5+ 15. Kh1 Qf4 16. Nd5 Qxf3+ 17. Kh2 Rxf2+ 18. Rxf2 Qxf2+ 19. Kh1 e6
20. Qf4 Qxf4 21. Nxf4 Bd6 22. Ne2 f6 23. Nc3 g5 24. Nb5 Bb8 25. Rf1 Rh6 26. Bc1
Rg6 27. Kg2 g4 28. hxg4 hxg4 29. Be3 b6 30. Re1 f5 31. Bc1 f4 32. Rf1 e5 33. a3
Nf6 34. Nc3 f3+ 35. Kf2 e4 36. Nd5 Nxd5 37. cxd5 g3+ 38. Ke3 g2 39. Rg1 Bh2 40.
Rxg2 fxg2 41. Kxe4 g1=Q 42. Kd3 Qd4+ 0-1

[Event "Detroit (RVO/2)"]
[Site "?"]
[Date "1990.??.??"]
[Round "?"]
[White "Given, R."]
[Black "Grossman, Jay"]
[Result "0-1"]
[WhiteElo "1605"]
[BlackElo "1760"]
[PlyCount "56"]
[EventDate "1990.??.??"]

1. d4 Nf6 2. c4 g6 3. Nc3 Bg7 4. e4 d6 5. f3 O-O 6. Be3 a6 7. Qd2 Nbd7 8. O-O-O
c5 9. d5 Ne5 10. g4 Bd7 11. h4 Qa5 12. h5 b5 13. hxg6 fxg6 14. Bh6 b4 15. Nge2
bxc3 16. Nxc3 Nxf3 17. Qg2 Bxg4 18. Bxg7 Kxg7 19. Be2 Ne5 20. Bxg4 Nexg4 21.
Rh3 Ne5 22. Qg5 Nxc4 23. Rf1 Ng8 24. Qg1 Qb4 25. b3 Qa3+ 26. Kc2 Qb2+ 27. Kd3
Ne5+ 28. Ke3 Qxc3+ 0-1

[Event "Detroit (MOR/3/48)"]
[Site "?"]
[Date "1990.??.??"]
[Round "?"]
[White "Genik, R."]
[Black "Rosenfield, C."]
[Result "1-0"]
[WhiteElo "1605"]
[BlackElo "1625"]
[PlyCount "58"]
[EventDate "1990.??.??"]

{3/(48)} 1. d4 Nf6 2. Nc3 d5 3. g3 e6 4. a3 c5 5. e3 Nc6 6. Nf3 Qa5 7. Bd2 Qb6
8. Na4 Qc7 9. Nxc5 Bxc5 10. dxc5 Ne4 11. b4 Nxd2 12. Qxd2 a5 13. c3 Ne5 14.
Bb5+ Bd7 15. Bxd7+ Kxd7 16. Nxe5+ Qxe5 17. Qd4 Qxd4 18. exd4 Rhe8 19. O-O e5
20. b5 e4 21. Rfe1 f5 22. Rac1 f4 23. c4 dxc4 24. Rxc4 e3 25. gxf4 exf2+ 26.
Kxf2 Rf8 27. c6+ bxc6 28. bxc6+ Kd6 29. Rd1 Rxf4+ {[Remainder illegible; 1-0,
52?]} 1-0

[Event "Detroit (MOR/5/46)"]
[Site "?"]
[Date "1990.??.??"]
[Round "?"]
[White "Genik, R."]
[Black "Lingar, R."]
[Result "0-1"]
[WhiteElo "1605"]
[BlackElo "1605"]
[PlyCount "91"]
[EventDate "1990.??.??"]

{5/(46)} 1. d4 d5 2. e3 e6 3. c4 c5 4. Qb3 Nc6 5. a3 cxd4 6. exd4 Nxd4 7. Qc3
Nc6 8. Nf3 Nf6 9. Bd3 Qb6 10. Be3 Bc5 11. b4 Bxe3 12. fxe3 Qxe3+ 13. Be2 Qxc3+
14. Nxc3 O-O 15. cxd5 exd5 16. Rd1 Rd8 17. Nd4 Nxd4 18. Rxd4 Bf5 19. O-O Be4
20. Bf3 Bxf3 21. Rxf3 Rac8 22. Rfd3 h6 23. h4 Rd7 24. g4 g5 25. hxg5 hxg5 26.
Nxd5 Nxd5 27. Rxd5 Rxd5 28. Rxd5 f6 29. Rd7 Rc3 30. a4 Rc4 31. Rxb7 Rxg4+ 32.
Kf2 a5 33. b5 Rxa4 34. b6 Rb4 35. Rb8+ Kf7 36. b7 a4 37. Ra8 Rxb7 38. Rxa4 Kg6
39. Kf3 Kh5 40. Ke4 Rb5 41. Ra1 f5+ 42. Kf3 Rb3+ 43. Kg2 g4 44. Rf1 Kg5 45. Kf2
f4 46. Kg2 0-1

[Event "Detroit (MOR/2/50)"]
[Site "?"]
[Date "1990.??.??"]
[Round "?"]
[White "Genik, R."]
[Black "Garant, B."]
[Result "1/2-1/2"]
[WhiteElo "1605"]
[BlackElo "1605"]
[PlyCount "116"]
[EventDate "1990.??.??"]

{2/(50)} 1. e4 c6 2. d4 d5 3. e5 Bf5 4. Nc3 e6 5. a3 Ne7 6. g3 Bg6 7. Bg2 Nf5
8. Nf3 Qb6 9. h4 Bh5 10. Ne2 c5 11. c3 Nc6 12. Nh2 Bxe2 13. Qxe2 cxd4 14. c4
dxc4 15. Qxc4 Nxe5 16. Qa4+ Nd7 17. O-O Be7 18. Rd1 Qd8 19. g4 Nxh4 20. Bf1 O-O
21. b4 Ne5 22. Bf4 Nef3+ 23. Nxf3 Nxf3+ 24. Kh1 d3 25. Be3 Qc7 26. Kg2 Ne5 27.
f3 Qc2+ 28. Qxc2 dxc2 29. Rdc1 Rac8 30. Ra2 Nc4 31. Bxa7 Bg5 32. Rcxc2 Ne3+ 33.
Bxe3 Rxc2+ 34. Rxc2 Bxe3 35. Rc7 b6 36. a4 Ra8 37. a5 bxa5 38. bxa5 g6 39. a6
Ra7 40. Rxa7 Bxa7 41. f4 f6 42. Bc4 Kf7 43. f5 gxf5 44. gxf5 Ke7 45. fxe6 h5
46. Kg3 Be3 47. Kh4 Ba7 48. Kxh5 Bb6 49. Kg4 Be3 50. Kf5 Bc5 51. Ke4 Ba7 52.
Kd5 Bf2 53. Kc6 f5 54. Kb7 f4 55. Kc6 f3 56. Bd5 Be3 57. Bxf3 Kxe6 58. Kb7 Kd6
1/2-1/2

[Event "Detroit (RVO/5)"]
[Site "?"]
[Date "1990.??.??"]
[Round "?"]
[White "Gawarecki, Leszek"]
[Black "Turner, Darrell"]
[Result "1-0"]
[WhiteElo "1775"]
[BlackElo "1870"]
[PlyCount "87"]
[EventDate "1990.??.??"]

1. d4 d5 2. c4 dxc4 3. Nf3 Nf6 4. e3 e6 5. Bxc4 c5 6. Nc3 Be7 7. O-O O-O 8. Qe2
a6 9. a4 b6 10. Rd1 Qc7 11. e4 cxd4 12. Nxd4 Nc6 13. Be3 Nxd4 14. Bxd4 Bb7 15.
f3 Rfc8 16. Bb3 Qf4 17. Bxb6 h5 18. Qe3 Qxe3+ 19. Bxe3 Bc5 20. Bxc5 Rxc5 21.
Rd4 Bc6 22. Rad1 Ra7 23. Rc4 Rxc4 24. Bxc4 Kf8 25. Rd6 Bb7 26. e5 Ke7 27. Kf2
Ne8 28. Rb6 Kd7 29. a5 Nc7 30. Na4 Bc8 31. Nc5+ Ke8 32. b4 Ke7 33. h4 Ke8 34.
g4 hxg4 35. fxg4 Ke7 36. Ke3 Ra8 37. h5 f6 38. Kf4 Nd5+ 39. Bxd5 exd5 40. e6
Ra7 41. Ke3 Rc7 42. Kd4 f5 43. gxf5 Kf6 44. Kxd5 1-0

[Event "Detroit (RVO/1)"]
[Site "?"]
[Date "1990.??.??"]
[Round "?"]
[White "Gawarecki, Leszek"]
[Black "Moore, Robert"]
[Result "1-0"]
[WhiteElo "1775"]
[BlackElo "1735"]
[PlyCount "81"]
[EventDate "1990.??.??"]

1. d4 Nf6 2. Nf3 d6 3. c4 g6 4. Nc3 Bg7 5. e4 O-O 6. Be2 Nbd7 7. Bg5 h6 8. Bh4
c5 9. d5 Nh5 10. Nd2 Nf4 11. O-O Nxe2+ 12. Qxe2 Ne5 13. f4 Bg4 14. Qe1 Nd7 15.
h3 Bh5 16. g4 g5 17. fxg5 Bg6 18. gxh6 Bxh6 19. Nf3 f6 20. Bg3 Qe8 21. Nh4 Ne5
22. Qe2 Kh7 23. Nf5 Bxf5 24. exf5 Rg8 25. Qe4 a6 26. Ne2 Nf7 27. Bf4 Bg5 28.
Rf2 Bh4 29. Rg2 Ng5 30. Bxg5 Bxg5 31. Rf1 b5 32. h4 Bh6 33. g5 Bg7 34. h5 Kh8
35. h6 Bf8 36. g6 Bxh6 37. Rh2 Kg7 38. Rxh6 Kxh6 39. Qh4+ Kg7 40. Qh7+ Kf8 41.
Nf4 1-0

[Event "Detroit (RVO/3)"]
[Site "?"]
[Date "1990.??.??"]
[Round "?"]
[White "Gawarecki, Leszek"]
[Black "Cunningham, R."]
[Result "1/2-1/2"]
[WhiteElo "1775"]
[BlackElo "2265"]
[PlyCount "52"]
[EventDate "1990.??.??"]

1. d4 Nf6 2. Nf3 g6 3. c4 Bg7 4. Nc3 O-O 5. e4 d6 6. Be2 e5 7. d5 a5 8. Bg5 h6
9. Bh4 Na6 10. Nd2 Qe8 11. O-O Nh7 12. a3 h5 13. f3 Bd7 14. b3 Bh6 15. Rb1 Nc5
16. b4 axb4 17. axb4 Na4 18. Qc2 Be3+ 19. Bf2 Bxf2+ 20. Rxf2 f5 21. Nxa4 Rxa4
22. c5 fxe4 23. Nxe4 Bf5 24. Bd3 Nf6 25. cxd6 Bxe4 26. Bxe4 Nxe4 1/2-1/2

[Event "Lansing (Mini-Swiss.3/2)"]
[Site "?"]
[Date "1990.??.??"]
[Round "?"]
[White "Garrison, Ray"]
[Black "Stockham, James"]
[Result "0-1"]
[WhiteElo "1800"]
[BlackElo "1855"]
[PlyCount "50"]
[EventDate "1990.??.??"]

{3/(2)} 1. d4 d5 2. Nf3 e6 3. Bf4 Nf6 4. e3 Be7 5. Bd3 Nbd7 6. Nbd2 b6 7. Qe2
Bb7 8. O-O O-O 9. Ng5 h6 10. Ngf3 c5 11. c3 c4 12. Bc2 b5 13. Ne5 Kh8 14. Bg3
Nxe5 15. Bxe5 Nd7 16. Nf3 f5 17. Bg3 Nf6 18. Ne5 Qe8 19. f3 g5 20. h4 Kg7 21.
Kf2 Nh5 22. f4 g4 23. Nxg4 Nxg3 24. Kxg3 Qh5 25. Bd1 Bxh4+ 0-1

[Event "Flint (Class A/1)"]
[Site "?"]
[Date "1990.??.??"]
[Round "?"]
[White "Garrison, Ray"]
[Black "Stefanski, Mark"]
[Result "0-1"]
[WhiteElo "1825"]
[BlackElo "1895"]
[PlyCount "126"]
[EventDate "1990.??.??"]

1. Nf3 Nf6 2. g3 g6 3. Bg2 Bg7 4. c3 d5 5. Na3 O-O 6. Nc2 h6 7. Ne5 Nbd7 8. f4
e6 9. d3 c5 10. O-O Qc7 11. Nf3 Kh7 12. Bd2 b6 13. e4 dxe4 14. dxe4 Bb7 15. e5
Nd5 16. Be3 c4 17. Qe2 b5 18. Ncd4 a6 19. a4 Nc5 20. axb5 Nd3 21. Ne1 Nxe3 22.
Qxe3 Nxe1 23. Rfxe1 Bxg2 24. Kxg2 axb5 25. Qe4 Rxa1 26. Rxa1 Rb8 27. Qc6 Qb7
28. Qxb7 Rxb7 29. Ra5 b4 30. cxb4 Rxb4 31. Rb5 Bf8 32. Rxb4 Bxb4 33. Nc6 Bd2
34. Nd8 Bc1 35. Kf2 Bxb2 36. Ke2 Kg7 37. Ke3 g5 38. fxg5 hxg5 39. Nc6 Kg6 40.
g4 f5 41. gxf5+ Kxf5 42. Na5 c3 43. Kd3 Kxe5 44. Nc6+ Kf4 45. Nd4 e5 46. Ne2+
Kf3 47. Ng3 Kg2 48. Ne4 g4 49. Nf6 Kf3 50. Ne4 Kg2 51. Nf6 Kf3 52. Ne4 Bc1 53.
Nxc3 Bf4 54. Nb1 e4+ 55. Kd4 e3 56. Na3 Bxh2 57. Nc2 g3 58. Kd3 Bg1 59. Ne1+
Kf2 60. Nc2 Kg2 61. Ne1+ Kf1 62. Nc2 Bf2 63. Nd4 g2 0-1

[Event "Flint (Class A/5)"]
[Site "?"]
[Date "1990.??.??"]
[Round "?"]
[White "Garrison, Ray"]
[Black "Spooner, Frank"]
[Result "1/2-1/2"]
[WhiteElo "1825"]
[BlackElo "1800"]
[PlyCount "44"]
[EventDate "1990.??.??"]

1. e4 c6 2. d4 d5 3. exd5 cxd5 4. c4 Nf6 5. Nc3 e6 6. Nf3 Be7 7. Bf4 O-O 8. Rc1
dxc4 9. Bxc4 Nc6 10. O-O a6 11. Qc2 Nxd4 12. Qd3 Nxf3+ 13. Qxf3 Qb6 14. Bd3 Bd7
15. Ne4 Bc6 16. Nxf6+ Bxf6 17. Qh3 g6 18. Rc2 Rfd8 19. Be2 Rd7 20. Rfc1 Rad8
21. Bf3 Qd4 22. Bd2 Be4 1/2-1/2

[Event "Detroit (MI Op/6/34)"]
[Site "?"]
[Date "1990.??.??"]
[Round "?"]
[White "Garrison, Ray"]
[Black "Smith, Daryn"]
[Result "1-0"]
[WhiteElo "1815"]
[BlackElo "1890"]
[PlyCount "143"]
[EventDate "1990.??.??"]

{6/(34)} 1. d4 Nf6 2. Nf3 g6 3. Bf4 d6 4. e3 Bg7 5. Nbd2 O-O 6. h3 c6 7. c3
Nbd7 8. Bc4 b6 9. O-O Bb7 10. Qe2 a6 11. e4 d5 12. Bb3 c5 13. e5 Nh5 14. Bh2
Bh6 15. g4 Nf4 16. Bxf4 Bxf4 17. e6 Nf6 18. exf7+ Rxf7 19. Ne5 Rf8 20. Ndf3 Kg7
21. Nd3 Bd6 22. Ng5 Bc8 23. Ne5 h6 24. Ngf3 g5 25. Bc2 c4 26. Rae1 Bb7 27. Ng6
Re8 28. Nfe5 b5 29. f4 Ne4 30. fxg5 Bxe5 31. Nxe5 Qd6 32. Rf7+ Kg8 33. Ref1
hxg5 34. Qf3 Qh6 35. Qe3 Rf8 36. Rxf8+ Rxf8 37. Rxf8+ Kxf8 38. Bxe4 dxe4 39.
Qf2+ Ke8 40. Qf7+ Kd8 41. Qf5 e6 42. Qxg5+ Qxg5 43. Nf7+ Ke7 44. Nxg5 Kf6 45.
h4 e5 46. dxe5+ Kxe5 47. h5 Kf6 48. Nh3 a5 49. a3 e3 50. g5+ Kf5 51. h6 Kg6 52.
Nf4+ Kh7 53. Nh5 Kg6 54. Nf6 Bf3 55. Kf1 Bd1 56. Ke1 Bc2 57. Ke2 Kxg5 58. h7
Bxh7 59. Nxh7+ Kf4 60. Nf6 Ke5 61. Kxe3 Kxf6 62. Kd4 Ke6 63. Kc5 b4 64. axb4
axb4 65. Kxc4 bxc3 66. bxc3 Kd6 67. Kb5 Kc7 68. Kc5 Kb7 69. Kd6 Kb6 70. c4 Ka7
71. c5 Kb8 72. Kd7 1-0

[Event "Lansing (Apr)"]
[Site "?"]
[Date "1990.??.??"]
[Round "?"]
[White "Garrison, Ray"]
[Black "Settle, R."]
[Result "0-1"]
[WhiteElo "1825"]
[BlackElo "1815"]
[PlyCount "120"]
[EventDate "1990.??.??"]

1. e4 g6 2. d4 Bg7 3. Bc4 c6 4. Nf3 d5 5. exd5 cxd5 6. Bd3 Nc6 7. O-O Bg4 8. c3
Nf6 9. h3 Bxf3 10. Qxf3 O-O 11. Bf4 Qb6 12. Qe2 e6 13. Qc2 Rac8 14. Qb3 Nd7 15.
Nd2 Na5 16. Qxb6 Nxb6 17. Nf3 Nac4 18. Rfb1 Rfe8 19. a4 e5 20. dxe5 Nxe5 21.
Be2 Nec4 22. Kf1 Nxb2 23. Nd4 N6xa4 24. Bb5 Nxc3 25. Rxb2 Nxb5 26. Rxb5 Bxd4
27. Rd1 Bb6 28. Rbxd5 Rcd8 29. Rd7 h5 30. R1d6 Ba5 31. g3 Rxd7 32. Rxd7 Re1+
33. Kg2 Rb1 34. Be5 Kf8 35. Bd6+ Kg8 36. Be5 Rb5 37. Re7 g5 38. g4 hxg4 39.
hxg4 Kf8 40. Bd6 Kg7 41. Re8 Bc3 42. Re3 Bf6 43. Re8 Rd5 44. Bf8+ Kg6 45. Rb8
Rd7 46. Bc5 b6 47. Be3 Rd8 48. Rb7 Ra8 49. f4 gxf4 50. Bxf4 Bd8 51. Rd7 a5 52.
Rd6+ Kh7 53. g5 a4 54. Rh6+ Kg7 55. Be5+ f6 56. Bxf6+ Bxf6 57. Rxf6 a3 58. Rxb6
a2 59. Rb7+ Kg8 60. Kg3 a1=Q 0-1

[Event "Lansing (MI Am/2/1)"]
[Site "?"]
[Date "1990.??.??"]
[Round "?"]
[White "Garrison, Ray"]
[Black "Schoonmaker, John"]
[Result "1/2-1/2"]
[WhiteElo "1800"]
[BlackElo "1995"]
[PlyCount "73"]
[EventDate "1990.??.??"]

{2/(1)} 1. e4 c6 2. d4 d5 3. exd5 cxd5 4. c4 Nf6 5. Nc3 e6 6. Bf4 Be7 7. Nf3
O-O 8. Qb3 Nc6 9. Bd3 dxc4 10. Qxc4 Nb4 11. Be4 Nxe4 12. Nxe4 b5 13. Qe2 Bb7
14. O-O Bd5 15. Rfc1 Nxa2 16. Rc7 Bc4 17. Rxc4 bxc4 18. Rxa2 Qd5 19. Ne5 Rfc8
20. Qf3 f6 21. Nc3 Qxd4 22. Nc6 Qd7 23. Nxe7+ Qxe7 24. Ra6 e5 25. Nd5 Qf8 26.
Be3 Rab8 27. h4 Rxb2 28. Qg4 Kh8 29. Nxf6 gxf6 30. Bh6 Qg8 31. Bg7+ Qxg7 32.
Qxc8+ Qg8 33. Qf5 Qg6 34. Qc8+ Qg8 35. Qf5 Rb6 36. Rxa7 c3 37. Rc7 {[Remainder
illegible; 1/2-1/2, 95?]} 1/2-1/2

[Event "Lansing (Mini-Swiss.3/1)"]
[Site "?"]
[Date "1990.??.??"]
[Round "?"]
[White "Garrison, Ray"]
[Black "McIntosh, S."]
[Result "0-1"]
[WhiteElo "1800"]
[BlackElo "1730"]
[PlyCount "94"]
[EventDate "1990.??.??"]

{3/(1)} 1. f4 d5 2. Nf3 c5 3. g3 Nc6 4. Bg2 g6 5. d3 Nf6 6. O-O Bg7 7. Nc3 O-O
8. h3 Qb6 9. Kh2 Rd8 10. Qe1 d4 11. Ne4 Be6 12. Qf2 Rac8 13. Ne5 Nxe4 14. Bxe4
Nxe5 15. fxe5 Bxe5 16. Bg5 Rd7 17. b3 Qc7 18. Bf4 b5 19. a4 a6 20. axb5 axb5
21. Qg2 Bxf4 22. gxf4 Qd6 23. Bb7 Bd5 24. Bxd5 Qxd5 25. Qxd5 Rxd5 26. Ra7 e6
27. Rfa1 Rcd8 28. Rc7 R8d7 29. Rxd7 Rxd7 30. Ra8+ Kg7 31. Rc8 Rd5 32. Kg3 e5
33. Rc7 exf4+ 34. Kxf4 Rf5+ 35. Ke4 Kf6 36. h4 h6 37. Rd7 g5 38. Rd6+ Ke7 39.
Rxh6 Rf4+ 40. Kd5 Rxh4 41. Rc6 g4 42. Ke4 Rh5 43. Kf4 Kd7 44. Rb6 Rh2 45. b4
Rxe2 46. Rb7+ Kc6 47. Rxf7 Rf2+ 0-1

[Event "Lansing (MI Am/4/5)"]
[Site "?"]
[Date "1990.??.??"]
[Round "?"]
[White "Garrison, Ray"]
[Black "LaFata, Sam"]
[Result "0-1"]
[WhiteElo "1800"]
[BlackElo "1950"]
[PlyCount "124"]
[EventDate "1990.??.??"]

{4/(5)} 1. f4 d5 2. Nf3 Nf6 3. g3 Bf5 4. Bg2 c6 5. O-O e6 6. d3 Nbd7 7. Nh4
Bc5+ 8. e3 O-O 9. h3 Ne8 10. Qe1 Nd6 11. g4 Bg6 12. f5 exf5 13. gxf5 Bh5 14.
Kh1 Qe7 15. Qg3 Kh8 16. b4 Bxb4 17. f6 Nxf6 18. Bb2 Nfe8 19. Rf5 Bg6 20. Rg5
Be1 21. Qf4 Bxh4 22. Qxh4 Kg8 23. Qg4 f6 24. Rxg6 hxg6 25. Nd2 Qf7 26. e4 Nc7
27. Rf1 Rfe8 28. e5 Nf5 29. Nf3 Ne3 30. Qh4 Nxf1 31. exf6 Ng3+ 32. Qxg3 gxf6
33. Qh4 Rf8 34. Ng5 Qg7 35. Qg4 Rae8 36. Ba3 fxg5 37. Bxf8 Re1+ 38. Kh2 Qe5+
39. Qg3 Qxg3+ 40. Kxg3 Kxf8 41. Bf3 Kf7 42. Kf2 Rc1 43. Kg3 Rxc2 44. Kg4 Kf6
45. h4 gxh4 46. Kxh4 Ne6 47. a4 g5+ 48. Kg4 Rd2 49. a5 Rxd3 50. a6 bxa6 51. Be2
Rd4+ 52. Kg3 Rf4 53. Bxa6 c5 54. Bc8 Nd4 55. Bh3 Nf5+ 56. Kg2 g4 57. Kg1 gxh3
58. Kh2 Rf3 59. Kg1 Kg5 60. Kh2 Kg4 61. Kg1 Kg3 62. Kh1 Rf1# 0-1

[Event "Detroit (MI Op/7/24)"]
[Site "?"]
[Date "1990.??.??"]
[Round "?"]
[White "Garrison, Ray"]
[Black "Forte, Joe"]
[Result "0-1"]
[WhiteElo "1815"]
[BlackElo "1970"]
[PlyCount "118"]
[EventDate "1990.??.??"]

{7/(24)} 1. d4 Nf6 2. Nf3 g6 3. Bf4 Bg7 4. e3 d5 5. Nbd2 Nbd7 6. h3 c5 7. c3 c4
8. Be2 b5 9. O-O Nb6 10. Ne5 Bb7 11. Re1 Nfd7 12. Ndf3 f6 13. Ng4 h5 14. Ngh2
Nf8 15. Nf1 Qd7 16. Qc2 g5 17. Bh2 O-O-O 18. N3d2 e6 19. a4 bxa4 20. Ra2 Qc6
21. Rea1 Kd7 22. b3 cxb3 23. Nxb3 Ke7 24. Nc5 Nfd7 25. Nxa4 Ra8 26. Nxb6 axb6
27. Rxa8 Rxa8 28. Rxa8 Bxa8 29. Qg6 Kf8 30. Bxh5 Kg8 31. Qe8+ Nf8 32. Qd8 Kh7
33. Be8 Qb7 34. Bd6 Ng6 35. Bd7 e5 36. Qe8 Nh8 37. Bc6 Qxc6 38. Qh5+ Kg8 39.
Bb4 e4 40. Ng3 Qe6 41. Nf1 Qf7 42. Qg4 Bc6 43. Ng3 Bd7 44. Nf5 Bf8 45. f4 Bxb4
46. Nh6+ Kh7 47. Nxf7 Bxg4 48. Nxh8 Bxc3 49. hxg4 Kxh8 50. f5 Kg7 51. Kf2 Kf7
52. Ke2 Ke7 53. Kd1 Kd7 54. Kc2 Ba5 55. Kc1 Kc6 56. Kd1 Kb5 57. Kc2 Kc4 58. Kd1
Kd3 59. g3 Kxe3 0-1

[Event "Detroit (MI Op/4/28)"]
[Site "?"]
[Date "1990.??.??"]
[Round "?"]
[White "Garrison, Ray"]
[Black "Dangremond, Leonard"]
[Result "0-1"]
[WhiteElo "1815"]
[BlackElo "1995"]
[PlyCount "76"]
[EventDate "1990.??.??"]

{4/(28)} 1. d4 Nf6 2. Nf3 g6 3. Bf4 Nd5 4. Be5 f6 5. Bg3 c6 6. e4 Nc7 7. Bd3
Bg7 8. O-O O-O 9. e5 d5 10. c3 Bg4 11. Nbd2 Nd7 12. h3 Bh5 13. Qc2 f5 14. Bh4
Ne6 15. g3 Bxf3 16. Nxf3 Qe8 17. Ng5 Nxg5 18. Bxg5 e6 19. Kg2 c5 20. Qd2 c4 21.
Be2 b5 22. h4 Nb6 23. h5 a5 24. Rh1 Ra7 25. hxg6 hxg6 26. Rh2 a4 27. Rah1 a3
28. Bf6 Rxf6 29. exf6 Bxf6 30. Qh6 axb2 31. Bh5 Rh7 32. Qd2 Rxh5 33. Rxh5 gxh5
34. Qxb2 Na4 35. Qd2 Qg6 36. Rb1 f4 37. Rxb5 f3+ 38. Kxf3 Qe4# 0-1

[Event "Detroit (MI Op/3/42)"]
[Site "?"]
[Date "1990.??.??"]
[Round "?"]
[White "Garrison, Ray"]
[Black "Ball, Ed"]
[Result "1-0"]
[WhiteElo "1815"]
[BlackElo "1885"]
[PlyCount "71"]
[EventDate "1990.??.??"]

{3/(42)} 1. d4 Nf6 2. Nf3 d5 3. Bf4 e6 4. e3 c5 5. c3 Bd6 6. Bg3 Nc6 7. Bd3 O-O
8. Nbd2 cxd4 9. cxd4 Nb4 10. Be2 b6 11. a3 Nc6 12. Ne5 Bb7 13. Rc1 Ne7 14. O-O
Bxe5 15. Bxe5 Ng6 16. Nf3 Nxe5 17. Nxe5 Nd7 18. f4 f6 19. Nd3 Rc8 20. g4 Qe7
21. Qa4 a5 22. Nf2 f5 23. g5 h6 24. h4 hxg5 25. hxg5 e5 26. dxe5 Rxc1 27. Rxc1
Nxe5 28. Qd4 Nf7 29. Qxb6 Re8 30. Rc7 Qxe3 31. Qxb7 Qxf4 32. Rxf7 Qxg5+ 33. Kf1
Qc1+ 34. Bd1 Qc4+ 35. Kg2 Qd4 36. Rxf5 1-0

[Event "Detroit (MOR/1b/6)"]
[Site "?"]
[Date "1990.??.??"]
[Round "?"]
[White "Garant, B."]
[Black "Steverson, Bunnard"]
[Result "0-1"]
[WhiteElo "1605"]
[BlackElo "1735"]
[PlyCount "88"]
[EventDate "1990.??.??"]

1. d4 d5 2. c4 Nf6 3. Nc3 e6 4. Bg5 Be7 5. Nf3 O-O 6. e3 Nbd7 7. Bd3 Nb6 8.
cxd5 exd5 9. Qc2 g6 10. h3 Nh5 11. Bxe7 Qxe7 12. O-O Qf6 13. Rfe1 Bxh3 14. gxh3
Qxf3 15. Kh2 Qf6 16. Rg1 Qh4 17. Rg4 Qe7 18. e4 Nf6 19. Rg3 dxe4 20. Nxe4 Nh5
21. Rf3 f5 22. Ng3 Qd6 23. Kg2 Nf4+ 24. Kh2 Qxd4 25. Rd1 Nxd3 26. Rdxd3 Qg7 27.
Qb3+ Qf7 28. Qc2 c6 29. b3 Nd5 30. Qb2 Qc7 31. Kh1 Nf4 32. Rd4 Nxh3 33. Nxf5
Rxf5 34. Rxh3 Qe5 35. Qd2 Qf6 36. Kg2 Rf8 37. f4 Rxf4 38. Rxf4 Qxf4 39. Qd7
Qf2+ 40. Kh1 Qf1+ 41. Kh2 Rf2+ 42. Kg3 Qg2+ 43. Kh4 Rf4+ 44. Qg4 Qxg4# 0-1

[Event "Detroit (MOR/6/12)"]
[Site "?"]
[Date "1990.??.??"]
[Round "?"]
[White "Garant, B."]
[Black "Moore, Robert"]
[Result "0-1"]
[WhiteElo "1605"]
[BlackElo "1735"]
[PlyCount "68"]
[EventDate "1990.??.??"]

{6/(12)} 1. d4 Nf6 2. e3 g6 3. Bd3 Bg7 4. f4 d6 5. Nf3 O-O 6. O-O Nbd7 7. f5 c5
8. fxg6 fxg6 9. Bc4+ d5 10. Be2 c4 11. c3 Ne4 12. Nbd2 Nxd2 13. Bxd2 Nf6 14. b3
b5 15. Ne5 Ne4 16. Rxf8+ Qxf8 17. Bf3 Bxe5 18. Bxe4 Bxh2+ 19. Kxh2 dxe4 20.
bxc4 bxc4 21. Qa4 Be6 22. Qc6 Qc8 23. Qxe4 Bf5 24. Qxe7 Qb8+ 25. g3 Qb2 26. Rg1
Qxd2+ 27. Rg2 Qd3 28. Qe5 Qe4 29. Qc5 Be6 30. Qc7 Bd5 31. Rg1 Rf8 32. Kh3 Qxe3
33. Qd6 Qh6+ 34. Kg4 Qh5# 0-1

[Event "Detroit (MOR/3/49)"]
[Site "?"]
[Date "1990.??.??"]
[Round "?"]
[White "Garant, B."]
[Black "Mikus, B."]
[Result "1-0"]
[WhiteElo "1605"]
[BlackElo "1605"]
[PlyCount "75"]
[EventDate "1990.??.??"]

{3/(49)} 1. d4 d5 2. c4 Nf6 3. Nc3 Nc6 4. Nf3 Bf5 5. Bf4 e6 6. e3 dxc4 7. Bxc4
Bb4 8. O-O O-O 9. Nh4 Bg4 10. Qb3 Bxc3 11. Qxc3 Ne4 12. Qd3 Bf5 13. Nxf5 exf5
14. f3 Nb4 15. Qb3 Nd2 16. Qxb4 Nxf1 17. Rxf1 b6 18. Bd3 a5 19. Qc3 Ra7 20.
Bxf5 c6 21. Qxc6 Qf6 22. Qxf6 gxf6 23. Rc1 b5 24. d5 b4 25. d6 Rd8 26. e4 a4
27. Rc7 Ra6 28. d7 Kf8 29. Rc8 Ke7 30. Rxd8 Kxd8 31. Bxh7 Kxd7 32. Bf5+ Kc6 33.
h4 a3 34. b3 Kb5 35. h5 Rc6 36. Bd7 Kc5 37. Bxc6 Kxc6 38. h6 1-0

[Event "Detroit (MOR/5/21)"]
[Site "?"]
[Date "1990.??.??"]
[Round "?"]
[White "Garant, B."]
[Black "DeJongh, John"]
[Result "1-0"]
[WhiteElo "1605"]
[BlackElo "1685"]
[PlyCount "103"]
[EventDate "1990.??.??"]

{5/(21)} 1. d4 d5 2. c4 Nf6 3. Nc3 e6 4. Bg5 Nbd7 5. Qb3 c6 6. Nf3 Be7 7. e3
Qb6 8. Qc2 h6 9. Bf4 Bb4 10. Bd3 dxc4 11. Bxc4 Nd5 12. Bxd5 exd5 13. O-O Bxc3
14. bxc3 O-O 15. Rab1 Qd8 16. c4 Nf6 17. Rfe1 Nh5 18. Be5 f6 19. Qg6 fxe5 20.
Qxh5 e4 21. Ne5 Rf5 22. Qe2 dxc4 23. Qxc4+ Qd5 24. Qxd5+ cxd5 25. Rec1 a6 26.
Rc5 b5 27. Rxd5 Be6 28. Rd6 Bxa2 29. Ra1 Rc8 30. Rxa6 Bc4 31. Rb6 Rcf8 32. f3
exf3 33. gxf3 Rg5+ 34. Kf2 Kh7 35. Rc1 Rh5 36. f4 Rxh2+ 37. Kg3 Re2 38. Kf3 Ra2
39. Nxc4 bxc4 40. Rxc4 Re8 41. d5 Ra3 42. Re4 Rd8 43. Rd4 Re8 44. Re6 Rxe6 45.
dxe6 Ra8 46. f5 Kg8 47. Rd7 Re8 48. Kg4 Kf8 49. Rf7+ Kg8 50. Kh5 Rc8 51. Kg6
Rc4 52. Rxg7+ 1-0

[Event "Detroit (RVO/1)"]
[Site "?"]
[Date "1990.??.??"]
[Round "?"]
[White "Gaiffe, G."]
[Black "Randel, D."]
[Result "1-0"]
[WhiteElo "2080"]
[BlackElo "1605"]
[PlyCount "111"]
[EventDate "1990.??.??"]

1. Nf3 d5 2. c4 c6 3. e3 Nf6 4. Nc3 g6 5. d4 Bg7 6. Bd3 O-O 7. O-O Bg4 8. h3
Bxf3 9. Qxf3 e6 10. Rd1 Nbd7 11. Qe2 Rc8 12. b3 Re8 13. Bb2 a6 14. Rac1 Qc7 15.
f4 Qb8 16. c5 Re7 17. g4 Nf8 18. b4 N6d7 19. g5 f6 20. gxf6 Nxf6 21. Qg2 Rf7
22. a4 Nh5 23. Ne2 Qc7 24. Bc3 Bh6 25. Kh1 Re8 26. b5 Ree7 27. bxa6 bxa6 28.
Rb1 Bxf4 29. exf4 Nxf4 30. Nxf4 Qxf4 31. Bxa6 Qh4 32. Rf1 Rxf1+ 33. Rxf1 Ra7
34. Qf3 Qe7 35. Qe2 Nd7 36. a5 Nf6 37. Bd3 Nh5 38. Qf2 Qe8 39. a6 Ng7 40. Ba5
Nf5 41. Bb6 Rf7 42. a7 Rf8 43. Bxf5 exf5 44. Re1 Qd7 45. Qf4 Qb7 46. Qd6 Qa6
47. Qxc6 Qa2 48. Qe6+ Kg7 49. Qe2 Qb3 50. Qe3 Qa2 51. Bc7 Qxa7 52. Qe7+ Rf7 53.
Be5+ Kg8 54. Qd8+ Rf8 55. Qxd5+ Rf7 56. Rb1 1-0